000 00661cam a2200241 4500500
005 20260329005250.0
041 _afre
042 _adc
100 1 0 _aSorente, Isabelle
_eauthor
245 0 0 _aMythes et remix
260 _c2023.
500 _a41
690 _aDivinité
690 _aFiction
690 _aGrèce
690 _aImaginaire
690 _aIsabelle Sorente
690 _aMythe
690 _aMythologie
690 _aRéseaux sociaux
786 0 _nPhilosophie magazine | 166 | 1 | 2023-02-01 | p. 17-17 | 1951-1787
856 4 1 _uhttps://shs.cairn.info/magazine-philosophie-magazine-2023-1-page-17?lang=fr&redirect-ssocas=7080
999 _c1841801
_d1841801